[Event "WchT Seniors 65"]
[Site "Rhodes"]
[Date "2019.04.21"]
[Round "6.9"]
[White "Andersson, Sven Olof"]
[Black "Bjorgvik, Jan Arne"]
[Result "1/2-1/2"]
[WhiteElo "1904"]
[BlackElo "1779"]
[PlyCount "28"]
[EventDate "2019.04.16"]
[EventType "team-swiss"]
[EventRounds "9"]
[EventCountry "GRE"]
[SourceTitle "CBM 190 Extra"]
[Source "ChessBase"]
[SourceDate "2019.07.15"]
[SourceVersion "1"]
[SourceVersionDate "2019.07.15"]
[SourceQuality "1"]
[WhiteTeam "Sweden III"]
[BlackTeam "Norway"]
[WhiteTeamCountry "SWE"]
[BlackTeamCountry "NOR"]

1. d4 d5 2. Nf3 Nf6 3. Bf4 e6 4. e3 Bd6 5. Ne5 0-0 6. Bd3 c5 7. c3 Nc6 8. Nxc6 bxc6 9. dxc5 Bxc5 10. Nd2 Bd6 11. Nf3 Qc7 12. Bg5 Be7 13. Bf4 Bd6 14. Bg5 Be7 1/2-1/2

[Event "Sundsvall op"]
[Site "Sundsvall"]
[Date "2019.01.04"]
[Round "2"]
[White "Hjorth, Gunnar"]
[Black "Andersson, Sven Olof"]
[Result "1-0"]
[WhiteElo "2239"]
[BlackElo "1936"]
[PlyCount "94"]
[EventDate "2019.01.04"]
[EventType "swiss"]
[EventRounds "8"]
[EventCountry "SWE"]
[SourceTitle "CBM 188 Extra"]
[Source "ChessBase"]
[SourceDate "2019.02.26"]
[SourceVersion "1"]
[SourceVersionDate "2019.02.26"]
[SourceQuality "1"]

1. Nf3 c5 2. c4 Nc6 3. g3 g6 4. Bg2 Bg7 5. 0-0 e5 6. Nc3 Nge7 7. d3 0-0 8. a3 d6 9. Rb1 Rb8 10. b4 b6 11. Bd2 Nd4 12. Ne1 Bb7 13. Nd5 Nxd5 14. cxd5 Nf5 15. Nc2 Ne7 16. e4 f5 17. bxc5 dxc5 18. Ne3 Ba6 19. Qb3 Kh8 20. f3 Nc8 21. a4 Nd6 22. Nc4 b5 23. Nxd6 Qxd6 24. axb5 Rxb5 25. Qa3 Rfb8 26. Rxb5 Rxb5 27. Ra1 Rb6 28. Be3 Bf8 29. Rc1 Rb5 30. Qc3 Qb8 31. Qa3 Bc8 32. Bf1 Bd7 33. Qa1 Kg8 34. Bf2 Rb4 35. Kh1 Bd6 36. Qc3 Rb3 37. Qa5 Qb6 38. Qa1 a5 39. f4 fxe4 40. fxe5 exd3 41. exd6 Qxd6 42. Bg2 Qb8 43. Bxc5 d2 44. Rf1 Rb2 45. Rf8+ Qxf8 46. Bxf8 Kxf8 47. Bf3 a4 1-0

[Event "Ostersund Hurtigfeiden op"]
[Site "Ostersund"]
[Date "2018.08.26"]
[Round "7"]
[White "Andersson, Sven Olof"]
[Black "Modell, Brage"]
[Result "0-1"]
[WhiteElo "1976"]
[BlackElo "1468"]
[PlyCount "114"]
[EventDate "2018.08.26"]
[EventType "swiss"]
[EventRounds "7"]
[EventCountry "SWE"]
[SourceTitle "CBM 186 Extra"]
[Source "ChessBase"]
[SourceDate "2018.08.24"]
[SourceVersion "1"]
[SourceVersionDate "2018.08.24"]
[SourceQuality "1"]

1. d4 e6 2. Nf3 b6 3. g3 Bb7 4. Bg2 f5 5. 0-0 Nf6 6. c4 Be7 7. Nc3 0-0 8. Re1 Bb4 9. Bd2 d6 10. Ng5 Bxg2 11. Kxg2 Qe8 12. e4 Bxc3 13. Bxc3 fxe4 14. Nxe4 Nbd7 15. Ng5 e5 16. d5 Nc5 17. b4 Nb7 18. Ne6 Rf7 19. f4 exf4 20. Nxf4 Qd7 21. Ne6 c6 22. Qd3 Rc8 23. Ng5 Re7 24. Rxe7 Qxe7 25. Re1 Qd7 26. Re6 Rf8 27. Bxf6 gxf6 28. Ne4 Qg7 29. dxc6 f5 30. cxb7 Qxb7 31. Qd5 Qxd5 32. cxd5 fxe4 33. Rxe4 Rf5 34. Re7 a5 35. bxa5 bxa5 36. Re8+ Kf7 37. Rh8 Kg7 38. Rd8 Rxd5 39. Kf3 Rd2 40. h4 h5 41. Ke3 Rd1 42. Kf4 Kf6 43. Rf8+ Ke6 44. Kg5 Rd5+ 45. Kf4 Rd2 46. Kg5 Rxa2 47. Kxh5 d5 48. g4 d4 49. g5 d3 50. Kg6 Rc2 51. Rd8 d2 52. h5 Ke7 53. Rd4 Rc6+ 54. Kg7 Rd6 55. Rxd2 Rxd2 56. h6 Rh2 57. h7 a4 0-1

[Event "Ostersund Hurtigfeiden op"]
[Site "Ostersund"]
[Date "2018.08.26"]
[Round "4"]
[White "Andersson, Sven Olof"]
[Black "Soderstrom, Adrian"]
[Result "0-1"]
[WhiteElo "1976"]
[BlackElo "1847"]
[PlyCount "49"]
[EventDate "2018.08.26"]
[EventType "swiss"]
[EventRounds "7"]
[EventCountry "SWE"]
[SourceTitle "CBM 186 Extra"]
[Source "ChessBase"]
[SourceDate "2018.08.24"]
[SourceVersion "1"]
[SourceVersionDate "2018.08.24"]
[SourceQuality "1"]

1. d4 e6 2. Nf3 f5 3. g3 Nf6 4. Bg2 Be7 5. 0-0 0-0 6. c4 d6 7. Nc3 a5 8. b3 Ne4 9. Bb2 Nxc3 10. Bxc3 Bf6 11. Qd2 Nc6 12. Rfd1 Qe7 13. e3 e5 14. dxe5 dxe5 15. Qb2 e4 16. Bxf6 Rxf6 17. Nd4 Ne5 18. Bf1 Rh6 19. Be2 Bd7 20. Qc3 Qf6 21. Rac1 c5 22. Nb5 Bxb5 23. cxb5 b6 24. Rd5 Re8 25. Bc4 0-1

[Event "Ostersund Hurtigfeiden op"]
[Site "Ostersund"]
[Date "2018.08.26"]
[Round "2"]
[White "Stokhaug, Jon Arne"]
[Black "Andersson, Sven Olof"]
[Result "0-1"]
[WhiteElo "1824"]
[BlackElo "1976"]
[PlyCount "64"]
[EventDate "2018.08.26"]
[EventType "swiss"]
[EventRounds "7"]
[EventCountry "SWE"]
[SourceTitle "CBM 186 Extra"]
[Source "ChessBase"]
[SourceDate "2018.08.24"]
[SourceVersion "1"]
[SourceVersionDate "2018.08.24"]
[SourceQuality "1"]

1. d4 Nf6 2. Nf3 g6 3. g3 Bg7 4. Bg2 d5 5. 0-0 0-0 6. c4 c6 7. Nc3 Nbd7 8. cxd5 Nxd5 9. e4 Nxc3 10. bxc3 e5 11. Bb2 Re8 12. Re1 Nb6 13. dxe5 Bg4 14. Qb3 Be6 15. Qd1 Nc4 16. Rb1 b5 17. Nd4 Nxe5 18. Nxe6 Rxe6 19. Qc2 Qd3 20. Qe2 Qxe2 21. Rxe2 Nc4 22. Ba1 Rd8 23. Rc2 a5 24. a4 Na3 25. Rcc1 Nxb1 26. Rxb1 bxa4 27. Kf1 a3 28. Ke2 Red6 29. c4 Rd2+ 30. Ke1 a2 31. Rc1 Bxa1 32. Rxa1 Rb2 0-1